| 000 | 00968nam a22003497a 4500 | ||
|---|---|---|---|
| 001 | 0010318 | ||
| 003 | KOHA_MİRAKIL | ||
| 005 | 20260207001740.0 | ||
| 007 | ta | ||
| 008 | 091106b2002 tu |||gr||||#0|||0|tur | | ||
| 020 | _a9755913424 | ||
| 040 |
_aTR-BiSEU _btur _cTR-BiSEU _erda |
||
| 041 | 0 | _atur | |
| 044 | _ctu | ||
| 050 |
_aHD37.T9 _bB35 2002 |
||
| 100 | 1 | _aBalçık, Bahaettin. | |
| 245 | 1 |
_aİşletme yönetimi/ _cBahaettin Balçık ; Bahaettin Balçık. |
|
| 264 | 1 |
_aAnkara : _bNobel _c2002 |
|
| 300 | _aX, 228 sayfa: şekil; 25 cm. | ||
| 336 |
_ametin _btxt _2rdacontent |
||
| 337 |
_aaracısız _bn _2rdamedia |
||
| 338 |
_acilt _bnc _2rdacarrier |
||
| 490 | 1 |
_aNobel ; _vyayın no. |
|
| 490 | 1 | _a363. | |
| 500 | _aKaynakça var. | ||
| 650 | 0 |
_aEndüstriyel yönetim. _94784 |
|
| 650 | 0 |
_aIndustrial management. _94786 |
|
| 830 | 1 |
_aNobel ; _vyayın no. _91846 |
|
| 830 | 1 |
_a363. _924840 |
|
| 907 | _aOkuma Kitabı | ||
| 942 |
_2lcc _cBK |
||
| 999 |
_c10290 _d10290 |
||